Rhymes With Bone - Statistics

General Stats
  • This quiz has been taken 435 times
  • The average score is 20 of 26
Answer Stats
Hint Answer % Correct
C Cone
95%
M Moan
95%
T Tone
94%
Z Zone
94%
O Own
93%
H Hone
91%
L Lone
90%
L Loan
89%
C Clone
85%
D Drone
85%
P Phone
84%
S Stone
83%
F Flown
81%
G Grown
81%
C Crone
80%
B Blown
79%
P Prone
79%
S Shown
78%
G Groan
63%
T Throne
63%
S Scone
62%
M Mown
56%
T Thrown
56%
S Sewn
52%
S Sown
47%
K Known
45%
No matching quizzes found
Score Distribution
Percent of People with Each Score
Percentile by Number Answered
Your Score History
You have not taken this quiz